000 00253nam a2200097Ia 4500
001 1003592
005 20250826230451.0
008 250824s9999 xx 000 0 und d
245 0 _aKOYUNLAR KRALI 1 LOUIS
_cOLIVIER TALIEC
260 _bHEP KİTAP YAYINLARI
999 _c1003592
_d1003592